00305nam a2200133Ia 4500100002200000650001200022490000600034654002100040245003600061260003800097082001600135300000800151546001200159 aKorn/ Jerry. Ed.  aGeneral v4 aFabulous century aThis fabulous century 1930-1940 bTime-life booksaNew Jerseyc1970 a970.05bTim a288 aENGLISH